| 000 | 00984cam8a220022900 4500 | ||
|---|---|---|---|
| 001 | qce00869777 | ||
| 005 | 20190830103727.0 | ||
| 008 | 740128s1970 nyu 000 0 eng u | ||
| 035 | _a(Sirsi) r111259 | ||
| 035 | _a(QCAT)lss00518337 | ||
| 035 | _a(UPRA)qce00869777 | ||
| 040 | _dUPRA | ||
| 100 | 1 |
_aMcKay, Robert B. _6A40846.1 |
|
| 245 | 1 | 0 |
_aReapportionment : _bthe law and politics of equal representation / _cby Robert B. McKay. |
| 260 |
_a[New York] : _bSimon & Schuster, _c[1970,c1965] |
||
| 490 | 0 |
_aA Clarion book _6S891.2 |
|
| 504 | _aBibliography: p. [477]-485. | ||
| 650 | 0 |
_aApportionment (Election law) -- United States. _zApportionment (Election law) -- United States. _6S53803.1 |
|
| 650 | 0 |
_aApportionment (Election law) -- United States -- States. _zApportionment (Election law) -- United States -- States. _xApportionment (Election law) -- United States -- States. _6S53802.1 |
|
| 949 |
_aKB24 _wlcc _i33729001791420 _mMAIN _p2500 _tBOOK _lON-SHELF |
||
| 004 | 111259 | ||
| 999 |
_c184822 _d184822 |
||